000 00811nam a2200193 a 4500
008 120416s1991 ||||||||||||||||| || u
020 _a0419148205
050 _aLB 2395 Whi
100 _aWhite, Brian
245 1 0 _aStudying for science
246 _aa guide to information, communication and study techniques
260 _aLondon
_bChapman & Hall
_c1991
300 _axiv, 202p. : ill.
350 _a0.00
650 _aSCIENCE--STUDY AND TEACHING
650 _aMETHODOLOGY
995 _aANNEX COLLECTION (Main Library)
_D0.00
_e724744
_FCBU-MAIN LIBRARY (Kitwe)
_H1
_I0.00
_jLB 2395 Whi
_M1
_UAVAILABLE
_y008109
_ZAnnex Low-Usage Collection
995 _aANNEX COLLECTION (Main Library)
_D0.00
_e737364
_FCBU-MAIN LIBRARY (Kitwe)
_H1
_I0.00
_jLB 2395 Whi
_M2
_UAVAILABLE
_WJul 17, 2006
_y43919
_ZAnnex Low-Usage Collection
999 _c80784
_d80784